STN EN ISO 3166-1: 2000 (01 0190) [neplatná], Kódy na reprezentáciu názvov krajín a ich častí Časť 1 Kódy krajín (ISO 3166-1: 1997)
Norma je identická s EN ISO 3166-1: 1997 a ISO 3166-1: 1997
| Corporate Author: | |
|---|---|
| Other Authors: | , |
| Format: | Book |
| Language: | Slovak English |
| PhysicalDescription: | 72 s. |
| Published: |
Bratislava
Slovenský ústav technickej normalizácie
2000
|
| Subjects: |
MARC
| LEADER | 00000cam a22000005i 4500 | ||
|---|---|---|---|
| 001 | vtls009740639 | ||
| 003 | SK-MaSNL | ||
| 005 | 20260301211832.0 | ||
| 008 | 090725s2000 xo fru 00 slo | ||
| 035 | |a (SVKBBclas03)vtls000106781 | ||
| 040 | |a SNK |b slo |c SNK |e AACR2 | ||
| 041 | 1 | |a slo |h eng | |
| 044 | |a xo |c SK | ||
| 046 | |a m |m 20000701 (účin.) |n [20071001 (zruš.)] | ||
| 084 | |a 01.140.30 |2 ICS | ||
| 130 | 0 | |a STN 01 0190 (STN EN ISO 3166-1) [neplatná] |9 596301 | |
| 245 | 1 | 0 | |a STN EN ISO 3166-1: 2000 (01 0190) [neplatná], Kódy na reprezentáciu názvov krajín a ich častí |n Časť 1 |p Kódy krajín (ISO 3166-1: 1997) |
| 246 | 1 | 0 | |a Kódy na reprezentáciu názvov krajín a ich častí |
| 246 | 1 | 0 | |a Kódy krajín (ISO 3166-1: 1997) |
| 260 | |a Bratislava |b Slovenský ústav technickej normalizácie |c 2000 | ||
| 300 | |a 72 s. | ||
| 500 | |a Spracovateľ: Zora Jurčacková, Eva Krištofičová | ||
| 500 | |a [Norma je nahradená anglickou verziou normy STN EN ISO 3166-1 z októbra 2007, ktorú nahradila slovenská verzia normy STN EN ISO 3166-1 z mája 2008 v celom rozsahu] | ||
| 520 | 8 | |a Norma je identická s EN ISO 3166-1: 1997 a ISO 3166-1: 1997 | |
| 540 | |a STN vydané na akomkoľvek nosiči sa môžu rozmnožovať a rozširovať iba so súhlasom určenej právnickej osoby |b SÚTN Bratislava |c zákon 264 1999 Z. z. | ||
| 650 | 0 | 7 | |a technické normy a štandardy |z Slovensko |2 SNKPH |9 79594 |
| 650 | 0 | 7 | |a technické normy a štandardy |z krajiny Európskej únie |2 SNKPH |9 289341 |
| 655 | 7 | |a normy |2 SNKPH |9 70643 | |
| 700 | 1 | |a Jurčacková, Zora, |d 1949- |4 trl |9 210379 | |
| 700 | 1 | |a Krištofičová, Eva, |d 1945- |4 trl |9 37046 | |
| 710 | 1 | |a Slovensko. |b Úrad pre normalizáciu, metrológiu a skúšobníctvo. |b Slovenský ústav technickej normalizácie |9 158115 | |
| 774 | 1 | 8 | |t STN EN ISO 3166-1/Z1: 2001 |d Bratislava : Úrad pre normalizáciu, metrológiu a skúšobníctvo Slovenskej republiky, 2001 |w vtls011977651 |
| 852 | |a Štátna vedecká knižnica v Banskej Bystrici | ||
| 958 | |a OP | ||
| 999 | |c 916855 |d 918785 | ||
| 952 | |t P60, <03>, [BOOK], {603} |a SNK |b SNK |y PREZ |7 0 |p 17A0302848 |o snkSTN EN ISO 3166-1 |i snkN 1228/2001 |0 0 |1 0 |4 0 |d 2001-05-23 |l 0 |r 2005-01-02 00:00:00 |w 2026-02-24 | ||
| 952 | |t P66, <07>, [BOOK], {604} |a SNK |b SNK |y PREZ |7 0 |p 17A0302847 |o snkSTN EN ISO 3166-1 D1 |i snkN 1229/2001 |0 0 |1 0 |4 0 |d 2001-05-23 |l 0 |r 2005-01-02 00:00:00 |w 2026-02-24 | ||


